000 01128nam a2200349 a 4500
001 81412
003 BD-RjUL
005 20230518111220.0
008 940406s1995 maua b 001 0 eng c
020 _a0316292370
035 _a(BD-RjUL)81412
040 _aDNLM/DLC
_cDLC
_dDLC
_dBD-RjUL
_beng
041 _aeng
082 0 0 _220
_a616.97
_bSAM 1995
245 0 0 _aSamter's immunologic diseases /
_c[edited by] Michael M. Frank ... [et al.].
250 _a5th ed. /
_b[edited by] Michael M. Frank ... [et al.].
260 _aBoston :
_bLittle, Brown,
_cc1995.
300 _a2 v. :
_bill. ;
_c29 cm.
500 _aRev. ed. of: Immunological diseases. 4th ed. c1988.
504 _aIncludes bibliographical references and index.
505 0 1 _aVol. 1 -- Vol. 2--
650 0 _aImmunologic diseases.
_97551
650 0 _aImmunology.
_97552
650 2 _aImmunologic Diseases.
_97553
650 2 _aHypersensitivity.
_97554
700 1 _aFrank, Michael M.
_97555
700 1 _aAusten, K. Frank
_97556
700 1 _aClaman, Henry N.
_97557
700 1 _aUnanue, Emil R.
_97558
942 _2ddc
_cBK
999 _c81412
_d81412